University Home | Library Home | Institutional Repository

Journal d'un homme de 40 ans. (Record no. 79779)

MARC details
000 -LEADER
fixed length control field 00721cam3a220022900 4500
001 - CONTROL NUMBER
control field qcf00232056
005 - DATE AND TIME OF LATEST TRANSACTION
control field 20190816084809.0
008 - FIXED-LENGTH DATA ELEMENTS--GENERAL INFORMATION
fixed length control field 760709s1934 fr 000 0 fre
010 ## - LIBRARY OF CONGRESS CONTROL NUMBER
LC control number 35005534
035 ## - SYSTEM CONTROL NUMBER
System control number (Sirsi) r124081
035 ## - SYSTEM CONTROL NUMBER
System control number (QCAT)lss01307764
035 ## - SYSTEM CONTROL NUMBER
System control number (UPRA)qcf00232056
040 ## - CATALOGING SOURCE
Modifying agency UPRA
050 0# - LIBRARY OF CONGRESS CALL NUMBER
Classification number PQ2613.U187
Item number J6 1934
082 ## - DEWEY DECIMAL CLASSIFICATION NUMBER
Classification number 843.91
100 1# - MAIN ENTRY--PERSONAL NAME
Personal name Guehenno, Jean, 1890-
Dates associated with a name Guehenno, Jean, 1890-
Linkage A91539.1
245 10 - TITLE STATEMENT
Title Journal d'un homme de 40 ans.
260 ## - PUBLICATION, DISTRIBUTION, ETC.
Place of publication, distribution, etc. Paris :
Name of publisher, distributor, etc. B. Grasset,
Date of publication, distribution, etc. [1934]
500 ## - GENERAL NOTE
General note "Cet ouvrage a paru precedemment dans la collection 'Pour mon plaisir'."--2d leaf at end.
949 ## - LOCAL PROCESSING INFORMATION (OCLC)
a PQ2613.U187
w lcc
i -178300
m MAIN
t BOOK
l ON-SHELF

No items available.

© 2026 - The University of Zambia Library - Koha v25.11